[Event "3rd Savaria Summer Open"]
[Site "Szombathely HUN"]
[Date "2003.07.23"]
[Round "5"]
[White "Ovsejevitsch,S"]
[Black "Ruck,T"]
[Result "1-0"]
[WhiteElo "2497"]
[BlackElo "2339"]

1.d4 d5 2.c4 Nc6 3.Nc3 dxc4 4.Nf3 a6 5.e4 b5 6.d5 Na5 7.b4 Nb7 8.a4 Bd7 9.Ne5 Rb8
10.axb5 axb5 11.Qf3 Nd6 12.Be2 g6 13.O-O Bg7 14.Bf4 Nf6 15.Nc6 Bxc6 16.dxc6 e5
17.Bxe5 O-O 18.Rfd1 Qe7 19.Bxd6 cxd6 20.Ra5 Qc7 21.e5 dxe5 22.Nxb5 Qc8 23.c7 Rb6
24.Ra8 Qe6 25.Rxf8+ Bxf8 26.Na7  1-0

[Event "BCSA Open"]
[Site "Batumi GEO"]
[Date "2003.07.24"]
[Round "8"]
[White "Javakhishvili,L"]
[Black "Jojua,D"]
[Result "1/2-1/2"]
[WhiteElo "2393"]
[BlackElo "2243"]

1.d4 d5 2.c4 Nc6 3.cxd5 Qxd5 4.e3 e5 5.Nc3 Bb4 6.Bd2 Bxc3 7.Bxc3 exd4 8.Ne2 Nge7
9.Nxd4 Nxd4 10.Qxd4 Qxd4 11.Bxd4 f6 12.Be2 Kf7 13.O-O Be6 14.Rfc1 c6 15.b4 a6
16.e4 Rhd8 17.Bc3 Nc8 18.a4 Nd6 19.f3 b5 20.h4 Bc4 21.Bd1 Ke6 22.Bc2 Nb7
23.Kf2 c5 24.axb5 axb5 25.g4 h6 26.Ke3 Kf7 27.Rg1 Be6 28.g5 cxb4 29.Rxa8 Rxa8
30.Bxb4 hxg5 31.hxg5 Bc4 32.Kf4 Ra2 33.Bb1 Rb2 34.Bc3 Rb3 35.Ba1 Nc5 36.gxf6 gxf6
37.e5 Ne6+ 38.Kg4 fxe5 39.Bxe5 Bd5 40.f4 Rb4 41.Kf5 Nd4+ 42.Bxd4 Rxd4 43.Ke5 Rd2
44.Bg6+ Kf8 45.Kf6 Bc6 46.Ra1 Be8 47.Bxe8 Kxe8 48.Ra8+ Rd8 49.Ra5 Rb8 50.f5 Kf8
51.Ke5  1/2-1/2

[Event "18th Touraine Open"]
[Site "Avoine FRA"]
[Date "2003.07.25"]
[Round "7"]
[White "Tihonov,J"]
[Black "Garnier,G"]
[Result "1-0"]
[WhiteElo "2382"]
[BlackElo "2146"]

1.d4 d5 2.c4 Nc6 3.cxd5 Qxd5 4.e3 e5 5.Nc3 Bb4 6.Bd2 Bxc3 7.Bxc3 e4 8.Ne2 Nf6
9.Nf4 Qf5 10.Bc4 g5 11.Nh5 Nxh5 12.Qxh5 Bd7 13.h4 Rg8 14.hxg5 O-O-O 15.Qxh7 Rh8
16.Qxf5 Rxh1+ 17.Ke2  1-0

[Event "25th Politiken Cup"]
[Site "Copenhagen DEN"]
[Date "2003.07.25"]
[Round "11"]
[White "Hansen,An"]
[Black "Bromann,T"]
[Result "0-1"]
[WhiteElo "2044"]
[BlackElo "2360"]

1.d4 d5 2.c4 Nc6 3.cxd5 Qxd5 4.e3 e5 5.Nc3 Bb4 6.Bd2 Bxc3 7.bxc3 Qd6 8.Ne2 h5
9.h4 Bg4 10.Qa4 Ne7 11.Ng3 Qg6 12.Bc4 O-O 13.d5 Nb8 14.e4 Nd7 15.Qa3 Nc8
16.Bd3 b6 17.Be3 c5 18.c4 Nd6 19.O-O b5 20.cxb5 c4 21.Bc2 Nxb5 22.Qa4 Nd6
23.Qa3 Nb6 24.Bg5 Nb5 25.Qa5 Nd4 26.Bd1 Bxd1 27.Rfxd1 f6 28.Be3 Nc2 29.Nf5 Kh7
30.Rac1 Nxe3 31.fxe3 Qg4 32.Qc5 Qxe4 33.Rf1 Qxd5 34.Qe7 Rf7 35.Qb4 Rd8 36.a4 g6
37.a5 Nc8 38.Ng3 Nd6 39.Rf3 f5 40.Rcf1 Rb7 41.Qc3 Rb3 42.Qa1 e4 43.Qf6 exf3
44.Qxd8 fxg2 45.Re1 Rb7  0-1

[Event "16th Open"]
[Site "Kiel GER"]
[Date "2003.07.25"]
[Round "1"]
[White "Korsus,B"]
[Black "Petri,T"]
[Result "1/2-1/2"]
[WhiteElo "2243"]
[BlackElo "2019"]

1.d4 d5 2.c4 Nc6 3.Nc3 Nf6 4.Nf3 Bg4 5.Bf4 e6 6.e3 Bb4 7.Rc1 Ne4 8.Be2 O-O
9.O-O Nxc3 10.bxc3 Ba3 11.Rb1 dxc4 12.Qa4 Bd6 13.Rxb7 Bxf4 14.Qxc6 Bd6 15.Bxc4 Qf6
16.h3 Bxf3 17.Qxf3 Qxf3 18.gxf3 e5 19.Bd5 exd4 20.cxd4 a5 21.e4 Rfd8 22.Rc1 Bf4
23.Rc5 Bd6 24.Rc4 Kf8 25.Rbxc7 Bxc7 26.Bxa8 Bb6 27.Bd5 Ke7 28.Kf1 Rd6 29.f4 Rh6
30.Rc3 Bxd4 31.Rc7+ Kd6 32.Rc6+ Ke7 33.Rxh6 gxh6 34.Kg2 h5 35.Kg3 f6 36.f3 Be3
37.f5 Kd6 38.f4 Ke7 39.Bc4 Bd2 40.e5 Bc3 41.Kh4 fxe5 42.Kxh5 Kf6 43.Bd3 e4
44.Bxe4 Kg7 45.f6+ Bxf6 46.Kg4 h6  1/2-1/2

[Event "16th Open"]
[Site "Kiel GER"]
[Date "2003.07.26"]
[Round "2"]
[White "Joppien,A"]
[Black "Wisnewski,C"]
[Result "0-1"]
[WhiteElo "2085"]
[BlackElo "2391"]

1.d4 d5 2.c4 Nc6 3.Nf3 Bg4 4.cxd5 Bxf3 5.dxc6 Bxc6 6.Nc3 e6 7.e4 Bb4 8.Qd3 Qh4
9.e5 O-O-O 10.Be3 Ne7 11.O-O-O Nf5 12.g3 Qe7 13.Rg1 Bf3 14.Be2 Bxc3 15.Bxf3 Bxd4
16.Bxb7+ Kxb7 17.Qe4+ c6 18.Bxd4 Qb4 19.a3 Qc4+ 20.Kb1 Rxd4 21.Qf3 Qd5 22.Qe2 Rd8
23.Rxd4 Nxd4 24.Qe3 Qf3 25.Qg5 Qf5+  0-1

[Event "16th Open"]
[Site "Kiel GER"]
[Date "2003.07.28"]
[Round "5"]
[White "Foisor,S"]
[Black "Buechmann,O"]
[Result "1/2-1/2"]
[WhiteElo "2057"]
[BlackElo "2147"]

1.d4 d5 2.c4 Nc6 3.cxd5 Qxd5 4.e3 e5 5.Nc3 Bb4 6.Bd2 Bxc3 7.bxc3 Nf6 8.c4 Qd6
9.d5 Ne7 10.Qb1 Nd7 11.Bd3 Nc5 12.Ne2 f5 13.e4 O-O 14.O-O f4 15.f3 Bd7 16.Nc1 Rf6
17.Nb3 a5 18.Rf2 b6 19.Bc1 Ba4 20.Ba3 Bxb3 21.axb3 Qd7 22.Rfa2 Nxd3 23.Qxd3 c5  1/2-1/2

[Event "GM"]
[Site "Aarhus DEN"]
[Date "2003.07.30"]
[Round "4"]
[White "Lalic,B"]
[Black "Skytte,R"]
[Result "1/2-1/2"]
[WhiteElo "2503"]
[BlackElo "2404"]

1.d4 d5 2.c4 Nc6 3.Nf3 Bg4 4.Nc3 e6 5.cxd5 exd5 6.Bf4 Bd6 7.Bg3 Nge7 8.e3 O-O
9.Rc1 Qd7 10.Be2 Rfe8 11.a3 Nf5 12.Bxd6 Qxd6 13.O-O a6 14.Qb3 Nce7 15.Rfe1 Rab8
16.Rcd1 c6 17.e4 Bxf3 18.Bxf3 Nh4 19.Na4 Qf4 20.Nc5  1/2-1/2

[Event "Open"]
[Site "Olomouc CZE"]
[Date "2003.08.07"]
[Round "9"]
[White "Bernasek,J"]
[Black "Helvensteijn,D"]
[Result "1-0"]
[WhiteElo "2402"]
[BlackElo "2248"]

1.d4 d5 2.c4 Nc6 3.Nf3 Bg4 4.cxd5 Bxf3 5.dxc6 Bxc6 6.Nc3 e6 7.Bf4 Nf6 8.e3 Nd5
9.Bg3 h5 10.h3 Bd6 11.Bxd6 Qxd6 12.Qb3 O-O-O 13.Nb5 Bxb5 14.Bxb5 e5 15.dxe5 Qxe5
16.Be2 g5 17.h4 g4 18.g3 Nf6 19.Bd3 Qa5+ 20.Ke2 Rd6 21.Rhd1 Rhd8 22.Rac1 Qd5
23.Qxd5 Rxd5 24.Bc4 R5d7 25.Rxd7 Rxd7 26.Rd1 Re7 27.Rd4 Ne4 28.Rd5 Re6 29.Rf5 Rf6
30.Rxf6 Nxf6 31.Bxf7 Kd7 32.f4  1-0

[Event "FSIM August"]
[Site "Budapest HUN"]
[Date "2003.08.10"]
[Round "9"]
[White "D'Costa,L"]
[Black "Werner,Di"]
[Result "1/2-1/2"]
[WhiteElo "2321"]
[BlackElo "2376"]

1.d4 d5 2.c4 Nc6 3.cxd5 Qxd5 4.e3 e5 5.Nc3 Bb4 6.Bd2 Bxc3 7.Bxc3 exd4 8.Ne2 Nge7
9.Nxd4 Nxd4 10.Qxd4 Qxd4 11.Bxd4 f6 12.Rc1 Be6 13.a3 O-O-O  1/2-1/2

[Event "FSIM August"]
[Site "Budapest HUN"]
[Date "2003.08.11"]
[Round "10"]
[White "Berczes,D"]
[Black "Werner,Di"]
[Result "0-1"]
[WhiteElo "2393"]
[BlackElo "2376"]

1.d4 d5 2.c4 Nc6 3.Nc3 dxc4 4.d5 Na5 5.Qa4+ c6 6.b4 cxb3 7.axb3 e6 8.b4 Qf6
9.Bd2 Nc4 10.dxc6 b6 11.Nb5 Nxd2 12.Nc7+ Ke7 13.b5 Qc3 14.Qa3+ Qxa3 15.Rxa3 Kd8
16.Nxa8 Bxa3 17.Kxd2 Nf6 18.f3 e5 19.e4 Be6 20.Bd3 Kc8 21.Ne2 Kb8  0-1

[Event "19th Open"]
[Site "Faaker-See AUT"]
[Date "2003.08.14"]
[Round "7"]
[White "Hicker,H"]
[Black "Schmidt,Rai"]
[Result "1/2-1/2"]
[WhiteElo "2111"]
[BlackElo "2174"]

1.d4 d5 2.c4 Nc6 3.cxd5 Qxd5 4.e3 e5 5.Nc3 Bb4 6.Bd2 Bxc3 7.bxc3 Nf6 8.c4 Qd6
9.d5 Nb8 10.Qc2 O-O 11.e4 Na6 12.Ne2 Nc5 13.Nc3 Ne8 14.Be2 f5  1/2-1/2

[Event "ch-FRA w"]
[Site "Aix les Bains FRA"]
[Date "2003.08.19"]
[Round "2"]
[White "Aleksieva,S"]
[Black "Milliet,S"]
[Result "0-1"]
[WhiteElo "2352"]
[BlackElo "2275"]

1.d4 d5 2.c4 Nc6 3.Nf3 Bg4 4.Nc3 e6 5.cxd5 exd5 6.Bf4 Bxf3 7.gxf3 Bd6 8.Bg3 Nge7
9.e3 h5 10.a3 h4 11.Bxd6 Qxd6 12.f4 Qe6 13.Be2 a6 14.Na4 b6 15.Rc1 Kf8 16.Bg4 Qd6
17.Qc2 Rh6 18.Qc3 Re8 19.Kf1 Rf6 20.Be2 Qe6 21.h3 Nf5 22.Bxa6 Qe4 23.Rh2 Qf3
24.Ke1 Qxf4 25.Bb5 Nxe3 26.fxe3 Rxe3+ 27.Re2 Rxc3 28.Rxc3 Rg6 29.Ree3 Rg1+
30.Kd2 Nxd4 31.Rxc7 g6 32.Rc8+ Kg7 33.Bd7 Qf2+  0-1

[Event "Independence Cup"]
[Site "Kyiv UKR"]
[Date "2003.08.23"]
[Round "11"]
[White "Lineykin,D"]
[Black "Ianovsky,A"]
[Result "1/2-1/2"]
[WhiteElo "2136"]
[BlackElo "2246"]

1.d4 d5 2.c4 Nc6 3.Nc3 Nf6 4.Bg5 Ne4 5.cxd5 Nxc3 6.bxc3 Qxd5 7.Nf3 Bg4 8.Qb3 O-O-O
9.Qxd5 Rxd5 10.e4 Ra5 11.Be3 Bxf3 12.gxf3 e5 13.Bh3+ Kb8 14.d5 Ne7 15.f4 exf4
16.Bxf4 Ng6 17.Be3 Bd6 18.Bf5 Be5 19.Kd2 c6 20.Bxg6 hxg6 21.f4 Bd6 22.c4 cxd5
23.exd5 Rh4 24.a4 Bxf4 25.Bxf4+ Rxf4 26.Kd3 Kc7 27.Rhf1 Rxf1 28.Rxf1 f6 29.Rg1 g5
30.h4 Rxa4 31.hxg5 Kd6 32.gxf6 gxf6 33.Rb1 b6 34.Kd4 f5 35.Rh1 b5 36.Rh6+ Kc7
37.Kc5 Rxc4+ 38.Kxb5 Rc2  1/2-1/2

[Event "ch-ISL"]
[Site "Hafnarborg ISL"]
[Date "2003.08.24"]
[Round "1"]
[White "Johannesson,I"]
[Black "Halldorsson,G"]
[Result "1-0"]
[WhiteElo "2247"]
[BlackElo "2282"]

1.d4 d5 2.c4 Nc6 3.Nf3 Bg4 4.cxd5 Bxf3 5.gxf3 Qxd5 6.e3 e5 7.Nc3 Bb4 8.Bd2 Bxc3
9.bxc3 exd4 10.cxd4 Nge7 11.Rb1 O-O-O 12.Be2 Qxa2 13.Bc3 Rd6 14.f4 Qd5 15.Bf3 Qc4
16.Bd2 Rhd8 17.Rc1 Qe6 18.O-O Kb8 19.Kh1 f5 20.Qa4 Nd5 21.Rc5 Nce7 22.Rfc1 Ra6
23.Qc4 c6 24.Rb1 Nc7 25.Qxe6 Nxe6 26.Re5 Rd6 27.Bb4 c5 28.dxc5 Rd7 29.c6 Nxc6
30.Rxe6 Nxb4 31.Re8+ Kc7 32.Rxb4 Rb6 33.Rc4+ Kd6 34.Rd4+ Kc7 35.Rxd7+ Kxd7
36.Rg8 g6 37.Rg7+ Kd6 38.Rxh7 Kc5 39.Rxb7 Rxb7 40.Bxb7  1-0

[Event "Open"]
[Site "Porto San Giorgo ITA"]
[Date "2003.08.25"]
[Round "5"]
[White "Naumkin,I"]
[Black "Miladinovic,I"]
[Result "1/2-1/2"]
[WhiteElo "2406"]
[BlackElo "2609"]

1.d4 d5 2.c4 Nc6 3.Nf3 Bg4 4.cxd5 Bxf3 5.gxf3 Qxd5 6.e3 e5 7.Nc3 Bb4 8.Bd2 Bxc3
9.bxc3 Qd6 10.Rb1 O-O-O 11.Qb3 b6 12.Bg2 Nge7 13.Qxf7 Kb8 14.f4 Rhf8 15.Qh5 exf4
16.O-O Rf6 17.e4 Rh6 18.Qf3 g5 19.Rb5 Rg6 20.a4 Qa3 21.Qd1 Rf8 22.f3 Rfg8
23.Kh1 Nc8 24.e5 Rd8 25.Qc2 Qf8 26.Qe4 Qe8 27.Rfb1 Re6 28.Qc2 Rh6 29.a5 Qh5
30.h3 g4 31.axb6 axb6 32.e6 Qh4 33.Qe4 gxh3 34.Bf1 Rd6 35.Qxf4 Qxf4 36.Bxf4 Rf6
37.Bxd6 Nxd6 38.Rh5 Rxe6 39.d5 Re5 40.Rxe5 Nxe5 41.Be2 Ng6 42.c4 Nf4 43.Bf1 Nf5
44.Kh2 Nd4 45.Kg3 Nh5+ 46.Kxh3 Nxf3 47.Rb2 Nf6 48.Rf2 Ng5+ 49.Kh4 Nfe4 50.Rf8+ Kb7
51.Bg2 h6 52.d6 cxd6 53.Re8 d5 54.cxd5 Nd6 55.Re7+ Ka6 56.Kg4 b5 57.Kf4 Ngf7
58.Bf3 b4 59.Bh5 b3 60.Bg6 b2 61.Re1 Kb5 62.Rb1 Kc4 63.Bxf7 Nxf7 64.Rxb2 Kxd5
65.Rd2+  1/2-1/2

[Event "V Open"]
[Site "Sants ESP"]
[Date "2003.08.30"]
[Round "10"]
[White "Peek,Mar"]
[Black "Ferron Garcia,C"]
[Result "1/2-1/2"]
[WhiteElo "2405"]
[BlackElo "2289"]

1.d4 d5 2.c4 Nc6 3.Nc3 dxc4 4.Nf3 Nf6 5.e4 Bg4 6.d5 Ne5 7.Bf4 Ng6 8.Be3 e6
9.Bxc4 exd5 10.exd5 a6 11.h3 Bxf3 12.Qxf3 Ne5 13.Qe2 Nxc4 14.Qxc4 Be7 15.O-O O-O
16.Rfd1 h6 17.Rac1 Bd6 18.Qb3 b6 19.Bd4 Re8 20.Re1 Nd7 21.Ne4 Be5 22.Qc3 Bxd4
23.Qxd4 Nf8 24.Red1 Ng6 25.Ng3 Qd7 26.Nh5 Re5 27.Qg4 Rd8 28.b3 Qxg4 29.hxg4 Rexd5
30.Rxd5 Rxd5 31.Rxc7 Rd1+ 32.Kh2 Rd2 33.a4 Rd3 34.f4 Rxb3 35.Rc8+ Kh7 36.Rc7 Nh8
37.Ra7 a5 38.Rb7 Rb4 39.Kg3 Rxa4 40.Rxb6 Ra3+ 41.Kf2 a4 42.Ra6 Ra1 43.f5 g6
44.Nf6+ Kg7 45.Ne4 gxf5 46.gxf5 a3 47.Nc3 a2  1/2-1/2

[Event "V Open"]
[Site "Sants ESP"]
[Date "2003.09.04"]
[Round "6"]
[White "Blokhuis,J"]
[Black "Sucher,J"]
[Result "1-0"]
[WhiteElo "2360"]
[BlackElo "2190"]

1.d4 d5 2.c4 Nc6 3.cxd5 Qxd5 4.e3 e5 5.Nc3 Bb4 6.Bd2 Bxc3 7.Bxc3 exd4 8.Ne2 Bg4
9.f3 Bxf3 10.gxf3 Qxf3 11.Nxd4 Qxh1 12.Nxc6 Nf6 13.Bxf6 gxf6 14.Nd4 O-O-O
15.Qg4+ Kb8 16.O-O-O Qxh2 17.Bg2 c5 18.Qf3 Qc7 19.Nb5 Rxd1+ 20.Qxd1 Qb6 21.Qf1 Re8
22.Qf4+ Re5 23.Nc3 Qd6 24.Nd5 Re6 25.Qg4 Re8 26.a3 Qe5 27.Qd7 h5 28.Kb1 a6
29.Nxf6 Re7 30.Qd8+ Ka7 31.Nd5 Qf5+ 32.Ka1 Rd7 33.Qb6+ Kb8 34.Qxc5 Qg4 35.Nf4 h4
36.Ka2 Qd1 37.Qe5+ Ka7 38.Bh3 Qd6 39.Qc3 Rc7 40.Qb3 Rc1 41.Bg2 Qc7 42.Bd5 f6
43.e4 b6 44.Nd3 Rg1 45.Qa4 b5 46.Qd4+ Qb6 47.Qc3 Rg7 48.Qc8 Qc7 49.Qa8+ Kb6
50.Nb4 a5 51.Nc6 a4 52.Qa5+ Kc5 53.Qb4+ Kb6 54.Qd4+ Ka6 55.Qxf6 Qg3 56.Nd4+ Ka5
57.b4+ axb3+ 58.Nxb3+  1-0

[Event "V Open"]
[Site "Sants ESP"]
[Date "2003.09.07"]
[Round "9"]
[White "Avila Jimenez,J"]
[Black "Peek,Mar"]
[Result "0-1"]
[WhiteElo "2252"]
[BlackElo "2405"]

1.d4 d5 2.c4 Nc6 3.cxd5 Qxd5 4.e3 e5 5.Nc3 Bb4 6.Bd2 Bxc3 7.bxc3 Nf6 8.f3 e4
9.Qb3 Qf5 10.Qa3 h5 11.h4 Bd7 12.Be2 Qg6 13.Kf2 Ne7 14.Bc4 Nf5 15.Ne2 exf3
16.gxf3 Nd6 17.Bb3 Qd3 18.Rad1 Nc4 19.Qc1 Nxd2 20.Rxd2 Qf5 21.Ng3 Qa5 22.e4 O-O-O
23.Bxf7 Rhf8 24.Bg6 Kb8 25.Kg2 Be6 26.Qb2 c6 27.Rf2 Bf7 28.Bxf7 Rxf7 29.Rhf1 g6
30.Qb3 Qc7 31.Rb2 Rdf8 32.Qe6 Re8 33.Qc4 Ref8 34.Qc5 Ka8 35.Qe5 Qc8 36.c4 Nd7
37.Qg5 Rg8 38.e5 Nf8 39.d5 Nh7 40.Qe3 g5 41.Rh1 gxh4 42.Rxh4 Rfg7 43.Rh3 h4
44.Rxh4 Rxg3+ 45.Kh2 cxd5 46.cxd5 Qd7 47.Qe4 Ng5 48.Kxg3 Nxe4+ 49.Kf4  0-1

[Event "TCh-CRO"]
[Site "Rabac CRO"]
[Date "2003.09.11"]
[Round "5"]
[White "Kuljasevic,D"]
[Black "Fercec,N"]
[Result "1/2-1/2"]
[WhiteElo "2419"]
[BlackElo "2440"]

1.d4 d5 2.c4 Nc6 3.Nc3 e6 4.Nf3 Nf6 5.Bg5 Bb4 6.e3 h6 7.Bxf6 Qxf6 8.Qc2 O-O
9.a3 Bxc3+ 10.Qxc3 Re8 11.Rd1 dxc4 12.Bxc4 e5 13.Nxe5 Nxe5 14.dxe5 Rxe5 15.Rd5 Rxd5
16.Qxf6 gxf6 17.Bxd5 Be6 18.Bxe6 fxe6 19.Ke2 Rd8 20.Rc1 c6 21.Rc4 Rd5 22.e4 Rb5
23.b4 Kf7 24.g3 Ke7 25.Kd3 Kd6 26.Rd4+ Kc7 27.Kc4 a5 28.Rd3 axb4 29.axb4 Re5
30.Kd4 Rb5 31.Kc4 Re5 32.Kd4  1/2-1/2

[Event "EYb18"]
[Site "Budva YUG"]
[Date "2003.09.16"]
[Round "4"]
[White "Wojtaszek,R"]
[Black "Gasthofer,A"]
[Result "1-0"]
[WhiteElo "2462"]
[BlackElo "2412"]

1.d4 d5 2.c4 Nc6 3.Nf3 Bg4 4.Nc3 e6 5.Bg5 Be7 6.Bxe7 Ngxe7 7.e3 Qd7 8.h3 Bxf3
9.Qxf3 f5 10.Bd3 O-O 11.O-O Nd8 12.b4 Nf7 13.Qd1 e5 14.cxd5 exd4 15.Bb5 c6
16.dxc6 bxc6 17.Bc4 Rad8 18.exd4 Qxd4 19.Qb3 Nd5 20.Bxd5 cxd5 21.Rad1 Qc4
22.Nxd5 Qxb3 23.Ne7+ Kh8 24.axb3 Ne5 25.Rxd8 Rxd8 26.Re1 Nd3 27.Rd1 g6 28.Nc6 Rc8
29.b5 Nc5 30.Nxa7 Rb8 31.Rd5 Nxb3 32.Nc6 Rb6 33.Kf1 Kg7 34.Ke2 Kf7 35.Kd3 Nc1+
36.Kc4 Ne2 37.Rd2 Nf4 38.Kc5 Rb7 39.Nd8+  1-0

[Event "GRE-GEO Match w"]
[Site "Athens GRE"]
[Date "2003.09.19"]
[Round "2"]
[White "Lomineishvili,M"]
[Black "Botsari,A"]
[Result "1-0"]
[WhiteElo "2409"]
[BlackElo "2380"]

1.d4 d5 2.c4 Nc6 3.Nf3 Bg4 4.Nc3 e6 5.Bg5 Be7 6.cxd5 exd5 7.Bxe7 Ngxe7 8.e3 O-O
9.Bd3 f5 10.Rc1 Kh8 11.O-O Qd6 12.Be2 f4 13.Nb5 Qh6 14.exf4 a6 15.Nc3 Qxf4
16.Ne5 Nxe5 17.dxe5 Be6 18.Bf3 c6 19.Na4 Rae8 20.Nc5 Bc8 21.Nd3 Qg5 22.g3 Bf5
23.h4 Qh6 24.Bg2 g5 25.hxg5 Qxg5 26.Nc5 Bg4 27.Qe1 Bc8 28.Qc3 Qg7 29.Rce1 b6
30.Na4 b5 31.Nc5 Nf5 32.Nd3 Bd7 33.Nf4 d4 34.Qc5 Qe7 35.Qxe7 Rxe7 36.e6 Be8
37.Re5 Nd6 38.b3 Rf5 39.Rxf5 Nxf5 40.Bh3 Nd6 41.b4 Ne4 42.Rd1 Ng5 43.Bg4 h5
44.Nxh5 Nxe6 45.f4 Ng7 46.Nf6 Rf7 47.Nxe8 Nxe8 48.Rxd4 Rg7 49.Rd8 Rxg4 50.Rxe8+ Kg7
51.Kg2 Rg6 52.Ra8 c5 53.Ra7+ Kh6 54.bxc5 Rc6 55.Kf3 Kh5 56.g4+ Kg6 57.Ke4 Rxc5
58.Rxa6+ Kf7 59.g5 b4 60.f5 Rc4+ 61.Kd5 Rc1 62.Ra7+ Kg8 63.g6 Rf1 64.Ke6 Re1+
65.Kf6 Re8 66.Kg5 Re5 67.Kf4 Re1 68.f6 Rf1+ 69.Ke5 Re1+ 70.Kd4  1-0

[Event "3rd ch-Euro Senior"]
[Site "Saint Vincent ITA"]
[Date "2003.09.23"]
[Round "7"]
[White "Khanukov,B"]
[Black "Bakhmatov,E"]
[Result "1-0"]
[WhiteElo "2330"]
[BlackElo "2311"]

1.d4 d5 2.c4 Nc6 3.e3 e5 4.cxd5 Qxd5 5.Nc3 Bb4 6.Bd2 Bxc3 7.bxc3 Nf6 8.c4 Qd6
9.d5 Ne7 10.Nf3 O-O 11.Be2 c6 12.dxc6 Nxc6 13.Bc3 Qc5 14.O-O Ne4 15.Bb2 Be6
16.Qa4 Rfc8 17.Rfc1 f6 18.Bd3 f5 19.Ba3 Qb6 20.Bxe4 fxe4 21.Ng5 Bf5 22.c5 Qc7
23.Qc4+ Kf8 24.Nxe4 Bxe4 25.Qxe4 Kg8 26.Rd1 Re8 27.Rd6 Re7 28.Rad1 Kh8 29.Bb4 Rae8
30.Bc3 Nd8 31.R6d5 Nf7 32.h4 Qc6 33.Bb4 Re6 34.Qc4 Rg6 35.e4 Qe6 36.Qb5 Re7
37.Rd8+  1-0

[Event "ECC"]
[Site "Rethymnon GRE"]
[Date "2003.09.30"]
[Round "3"]
[White "Herndl,H"]
[Black "Kett,T"]
[Result "0-1"]
[WhiteElo "2334"]
[BlackElo "2145"]

1.d4 d5 2.c4 Nc6 3.Nc3 dxc4 4.d5 Ne5 5.Bf4 Ng6 6.Bg3 a6 7.h4 e6 8.e4 b5 9.h5 N6e7
10.Qf3 Nf6 11.d6 cxd6 12.e5 Nfd5 13.exd6 Nf5 14.Nxd5 exd5 15.Qxd5 Nxg3 16.fxg3 Qa5+
17.Kd1 Bg4+ 18.Kc2 Qa4+ 19.b3 cxb3+ 20.Kb2 Rc8 21.axb3 Qb4 22.Qe5+ Be6 23.d7+ Kxd7
24.Qe3 Be7 25.Nf3 Bf6+ 26.Kb1 Bf5+  0-1

[Event "ECC"]
[Site "Rethymnon GRE"]
[Date "2003.10.02"]
[Round "5"]
[White "Cast,A"]
[Black "Nivala,T"]
[Result "0-1"]
[WhiteElo "2104"]
[BlackElo "2196"]

1.d4 d5 2.c4 Nc6 3.Nc3 dxc4 4.e3 e5 5.d5 Nce7 6.Bxc4 Ng6 7.Nge2 a6 8.a4 Nf6
9.Qb3 Bd6 10.Bd2 O-O 11.Ng3 Nh4 12.Bf1 Nd7 13.O-O-O Nc5 14.Qc4 b5 15.Qa2 Bb7
16.Nce4 Nxa4 17.Nxd6 cxd6 18.Bb4 Qb6 19.Ne4 f5 20.Nxd6 a5 21.Nc4 Rfc8 22.Bc3 bxc4
23.Bxe5 c3 24.d6+ Kh8 25.b3 Nc5 26.Bc4 a4 27.Bxc3 Nxb3+  0-1

[Event "ECC"]
[Site "Rethymnon GRE"]
[Date "2003.10.02"]
[Round "5"]
[White "Jacimovic,D"]
[Black "Franssila,T"]
[Result "1-0"]
[WhiteElo "2446"]
[BlackElo "2269"]

1.d4 d5 2.c4 Nc6 3.Nf3 Bg4 4.Nc3 dxc4 5.d5 Bxf3 6.gxf3 Ne5 7.f4 Ng6 8.Qa4+ Qd7
9.Qxc4 e6 10.Bh3 Nh6 11.dxe6 fxe6 12.Bxe6 Qc6 13.Qxc6+ bxc6 14.f5 Ne5 15.Bxh6 gxh6
16.O-O-O Bd6 17.Rhg1 Nf7 18.Ne4 Be5 19.e3 Rb8 20.b3 Rb4 21.Rg4 c5 22.a3 h5
23.Rh4 Rb6 24.f4 Bd6 25.Nf6+ Kd8 26.Bxf7 Rf8 27.Bc4 Rxf6 28.e4 Ke8 29.e5 Rxf5
30.exd6 Rxd6 31.Rxd6 cxd6 32.Be6  1-0

[Event "ECC"]
[Site "Rethymnon GRE"]
[Date "2003.10.04"]
[Round "7"]
[White "Timoscenko,G"]
[Black "Franssila,T"]
[Result "1-0"]
[WhiteElo "2530"]
[BlackElo "2269"]

1.d4 d5 2.c4 Nc6 3.cxd5 Qxd5 4.e3 e5 5.Nc3 Bb4 6.Bd2 Bxc3 7.bxc3 Nf6 8.f3 O-O
9.e4 Qd6 10.d5 Nb8 11.c4 Na6 12.Ne2 Nc5 13.Nc3 c6 14.Be3 b6 15.Be2 Bb7 16.O-O Rad8
17.Qc2 Nh5 18.Rfd1 Qg6 19.Bf1 Nf4 20.Rd2 Qh5 21.Rad1 Rd6 22.g3 Rg6 23.Rf2 Bc8
24.dxc6 Bh3 25.Nd5 Rg5 26.Bxf4 Bxf1 27.Bxg5  1-0

[Event "2nd It"]
[Site "Klaksvik FAI"]
[Date "2003.10.08"]
[Round "3"]
[White "Olsen,H"]
[Black "Simonsen,O"]
[Result "1-0"]
[WhiteElo "2264"]
[BlackElo "2261"]

1.d4 d5 2.c4 Nc6 3.Nc3 dxc4 4.Nf3 Bg4 5.d5 Bxf3 6.exf3 Ne5 7.Bf4 Ng6 8.Bxc4 Nf6
9.Bg3 a6 10.Qb3 b5 11.Nxb5 axb5 12.Bxb5+ Nd7 13.Rc1 Ra7 14.O-O h5 15.Bxd7+ Kxd7
16.Qb5+ Kc8 17.Qb6 Rb7 18.Qa6 Kb8 19.Rc5 e5 20.Ra5 Kc8 21.Rb5 Bd6 22.Rxb7 Kd7
23.Re1 f6 24.f4 h4 25.fxe5 fxe5 26.Bxe5 Nxe5 27.Rxe5 Qf6 28.Qb5+  1-0

[Event "ch-Africa"]
[Site "Abuja NGR"]
[Date "2003.10.13"]
[Round "5"]
[White "Solomon,K"]
[Black "Adebayo,A"]
[Result "1-0"]
[WhiteElo "2339"]
[BlackElo "2248"]

1.d4 d5 2.c4 Nc6 3.cxd5 Qxd5 4.e3 e5 5.Nc3 Bb4 6.Bd2 Bxc3 7.bxc3 Nf6 8.f3 exd4
9.cxd4 O-O 10.Bd3 Qg5 11.Kf2 Qd5 12.Ne2 Qd6 13.Qb1 Re8 14.Rc1 Bd7 15.e4 Qxh2
16.Rh1 Qd6 17.e5 Nxe5 18.Bxh7+ Nxh7 19.Qxh7+ Kf8 20.Qb1 Kg8 21.Qh7+ Kf8 22.Qh8+ Ke7
23.Bg5+ f6 24.Qxg7+ Nf7 25.Rh6 fxg5 26.Rxd6 cxd6 27.Re1 Be6 28.Nc3 d5 29.Qg6 Kd7
30.Rxe6 Rxe6 31.Qxf7+  1-0

[Event "EuTCh w"]
[Site "Plovdiv BUL"]
[Date "2003.10.17"]
[Round "6"]
[White "Zhukova,N"]
[Black "Botsari,A"]
[Result "1-0"]
[WhiteElo "2452"]
[BlackElo "2394"]

1.d4 d5 2.c4 Nc6 3.cxd5 Qxd5 4.e3 e5 5.Nc3 Bb4 6.Bd2 Bxc3 7.Bxc3 exd4 8.Ne2 Nf6
9.Nxd4 O-O 10.Be2 Ne4 11.O-O Nxd4 12.Qxd4 Qxd4 13.Bxd4 c5 14.Be5 Re8 15.Bf4 g5
16.Bc7 Be6 17.Rfd1 Rac8 18.Ba5 b6 19.Be1 f5 20.f3 Nf6 21.Rd6 Rcd8 22.Rad1 Rxd6
23.Rxd6 Kf7 24.Bb5 Ke7 25.Rc6 Rc8 26.Rxc8 Bxc8 27.Bd3 Bd7 28.h3 h5 29.Kf2 a5
30.e4 fxe4 31.fxe4 Be6 32.a3 Nd7 33.Bd2 Kf6 34.Bc3+ Ne5 35.h4 Bf7 36.hxg5+ Ke6
37.Ba6 Kd6 38.Kg3 Be6 39.Be2 Bf7 40.Kf4 Ng6+ 41.Kf5 h4 42.Kf6  1-0

[Event "TCh-BEL 2003-4"]
[Site "Belgium BEL"]
[Date "2003.10.19"]
[Round "2"]
[White "Roeder,M"]
[Black "Zaragatski,I"]
[Result "1/2-1/2"]
[WhiteElo "2458"]
[BlackElo "2337"]

1.d4 d5 2.c4 Nc6 3.cxd5 Qxd5 4.e3 e5 5.Nc3 Bb4 6.Bd2 Bxc3 7.bxc3 Qd6 8.Bd3 f5
9.Nh3 Nf6 10.Qb1 g6 11.f3 O-O 12.Nf2 b6 13.O-O Be6 14.Rd1 Rad8 15.Qb5 Bd7
16.Qb3+ Be6 17.Qb5 Bd7 18.Qb3+ Be6  1/2-1/2

[Event "Classics II IM"]
[Site "Gausdal NOR"]
[Date "2003.10.24"]
[Round "5"]
[White "Simonsen,H"]
[Black "Valaker,O"]
[Result "1/2-1/2"]
[WhiteElo "2240"]
[BlackElo "2208"]

1.d4 d5 2.c4 Nc6 3.cxd5 Qxd5 4.e3 e5 5.Nc3 Bb4 6.Bd2 Bxc3 7.Bxc3 exd4 8.Ne2 Nf6
9.Nxd4 O-O 10.Nxc6 Qxc6 11.Be2 Ne4 12.Bd4 Qg6 13.Bf3 c5 14.Be5 Be6 15.O-O Rfd8
16.Qe2 Bd5 17.Rfd1 Rd7 18.b3 Rad8 19.Rac1 b6 20.Ba1 a5 21.h4 Qe6 22.Qb2 f6
23.h5 h6 24.Qc2 f5 25.Be2 Kh7 26.Bb5 Rd6 27.Bd3 Kh8 28.f3 Ng3 29.Kf2 Nxh5
30.Bxf5 Qe7 31.e4 Qh4+ 32.Kg1 Bc6 33.Rxd6 Rxd6 34.Be5 Rd8 35.Rd1 Qe7 36.Rxd8+ Qxd8
37.g4 Nf6 38.Kg2 Bb5 39.Kg3 Qe7 40.Bf4 Bd7 41.e5 Nd5 42.Bxd7 Nxf4 43.Kxf4 Qxd7
44.Qe4 Kg8 45.Ke3 Kf7 46.Qc4+ Ke7 47.Ke4 Qc6+ 48.Qd5 Qg6+ 49.Ke3 Qe6 50.Qb7+ Kf8
51.Qb8+ Kf7 52.Qc7+ Kf8 53.Kf2 a4 54.bxa4 Qxa2+ 55.Kg3 Qe6 56.a5 bxa5 57.Qxc5+ Kf7
58.Qxa5 g5 59.Qc7+ Kg6 60.Qc2+ Kg7 61.Qe4 Qb6 62.Qe1 Kf7 63.Qh1 Qe3 64.Qh5+ Kg7
65.Qe8 Qg1+ 66.Kh3 Qh1+  1/2-1/2

[Event "WYg18"]
[Site "Halkidiki GRE"]
[Date "2003.10.24"]
[Round "2"]
[White "Le Thanh Tu"]
[Black "Kopinits,A"]
[Result "1/2-1/2"]
[WhiteElo "2261"]
[BlackElo "2112"]

1.d4 d5 2.c4 Nc6 3.Nf3 e5 4.dxe5 Bb4+ 5.Bd2 dxc4 6.e3 Be6 7.a3 Bxd2+ 8.Nbxd2 b5
9.Qc2 Nge7 10.Rd1 Qb8 11.Be2 O-O 12.O-O h6 13.b3 a5 14.bxc4 b4 15.a4 Ng6
16.Nd4 Ngxe5 17.Nxe6 fxe6 18.Qe4 Qe8 19.f4 Nf7 20.Bd3 Nh8 21.Qh7+ Kf7 22.f5 Ke7
23.Qxg7+ Qf7 24.Qxh6 Qf6 25.Qxf6+ Rxf6 26.fxe6 Rxe6 27.Be4 Rd8 28.Bd5 Rh6
29.Nb3 Ne5 30.Nd4 Ke8 31.Ne6 Rd7 32.Nd4 c6 33.Be4 Nhf7 34.c5 Kf8 35.Nb3 Rxd1
36.Rxd1 Nc4 37.Rd4 Nfe5 38.Bd3 Nxd3 39.Rxc4 Rh5 40.g4 Re5 41.Kg2 Rxe3 42.Nxa5 Re2+
43.Kg3 Ra2 44.Rd4 Ra3 45.Kh4 Ne5 46.Rxb4 Kg7 47.Nb3 Kg6 48.a5 Nf3+ 49.Kg3 Nd2
50.Rb6 Nxb3 51.Rxc6+ Kg7 52.Kf4 Rxa5 53.Rc7+ Kg6 54.c6 Nc5 55.Rc8 Ne6+ 56.Ke4 Ng5+
57.Kd3 Rc5 58.h4 Nf3 59.h5+ Kg5 60.c7 Kxg4 61.h6 Ng5 62.Kd4 Ne6+ 63.Ke4 Ng5+
64.Kd4 Ne6+ 65.Ke3 Nxc7 66.Rg8+ Kf5 67.h7 Rc3+ 68.Kd4 Rh3 69.h8=Q Rxh8 70.Rxh8 Ne6+  1/2-1/2